header

The gift in antiquity (Record no. 69985)

MARC details
000 -LEADER
fixed length control field 01299nam a2200337 a 4500
082 04 - DEWEY DECIMAL CLASSIFICATION NUMBER
Classification number 394
245 04 - TITLE STATEMENT
Title The gift in antiquity
260 ## - PUBLICATION, DISTRIBUTION, ETC. (IMPRINT)
Place of publication Hoboken, N.J. :
Name of publisher Wiley-Blackwell,
Year of publication c2013.
300 ## - PHYSICAL DESCRIPTION
Number of Pages xi, 255 p. :
Other physical details ill.
490 1# - SERIES STATEMENT
Series statement The ancient world : comparative histories
650 #0 - SUBJECT ADDED ENTRY--TOPICAL TERM
Topical Term Gifts
Topical Term Civilization, Ancient.
700 1# - ADDED ENTRY--PERSONAL NAME
Personal name Satlow, Michael L.
856 40 - ELECTRONIC LOCATION AND ACCESS
Uniform Resource Identifier http://site.ebrary.com/lib/rucke/Doc?id=10662627

No items available.

© 2026 Rongo University
Contact us: librarian | system librarian | Rongo university